000 02159nam a2200481 a 4500
005 20260406165204.0
008 100614t2021||||ag a f |||| 001 0 spa d
020 _a9789873715518
041 _aspa
092 _c618.92
_l29
_sGUI
110 1 _aSociedad Argentina de Pediatría.
_91224
245 _aGuía para la evaluación del crecimiento físico /
_cSociedad Argentina de Pediatría.
250 _a4a ed.
260 _aBuenos Aires:
_bSociedad Argentina de Pediatría ;
_c2021.
300 _a168 p.
_b29x21cm
500 _aSociedad Argentina de Pediatría. (2021). Guía para la evaluación del crecimiento físico. (4a ed.). Buenos Aires : Sociedad Argentina de Pediatría.
653 _aTécnicas antropométricas
653 _aEstimación del error de medición
653 _aConcepto y uso de los estándares de crecimiento
653 _aIndice de gráficos y tablas
653 _aInformación sobre los gráficos en percentilos y puntaje Z
653 _aInformación sobre las tablas
653 _aGráficos en percentilos y puntaje Z
653 _aQué son los percentilos?
653 _aInstructivo para el cálculo de la edad decimal
653 _aInstructivo para el cálculo y graficación de la velocidad de crecimiento
653 _aCálculo y usos del puntaje estandarizado o puntaje Z
653 _aBlanco y rango genético. Cálculo del Blanco y rango génetico
653 _aIndice de masa corporal (IMC). Usos en pediatría
653 _aCircunferencia de cintura
653 _aCrecimiento normal y patológico
653 _aDiagnóstico de crecimiento normal y patológico
653 _aInterpretación de datos antropométricos
653 _aEdad ósea
653 _aDesarrollo puberal
653 _aLongitud y diámetro del pene. Datos argentinos
653 _aUsos de estándares específicos
653 _aProporciones corporales
653 _aMedición del peso en niños que no pueden pararse
653 _aMedición de la estatura en niños que no pueden pararse
653 _aMedición de estatuta en niños con asimetría de longitud de miembros inferiores
942 _2ddc
_cBK
999 _c3319
_d3319